000 00524nam a22001937a 4500
003 LK-CoDNM
005 20250224114942.0
008 250224b |||||||| |||| 00| 0 eng d
040 _aLK-CoDNM
_dLK-CoDNM
_eLK-CoDNM
041 _aeng
080 _aRC
_b447
100 _aDeraniyagala,P.E.P
245 _aAdministration Report of the Director of National Museums for 1952
260 _aColombo
_bCeylon Government Press
_c1953
300 _a29p. : ill ; 24 cm
650 _aReports
650 _aAnimals
942 _cBK
999 _c238340
_d238340